Vybrané aspekty zdanenia zahraničných osôb v daňovom práve SR

Formy podnikania zahraničných osôb v SR. Zdanenie zahraničných osôb. Zdroje príjmov zahraničných osôb. Zdroje príjmov zahraničných osôb podľa zákona o dani z príjmov. Daň vyberaná zrážkou a zabezpečenie dane.

Salvato in:
Dettagli Bibliografici
Autore principale: Podolinský, Vladimír
Altri autori: Vališ, Juraj
Natura: Capitolo di libro
Lingua:slovacco
Soggetti:
Tags: Aggiungi Tag
Nessun Tag, puoi essere il primo ad aggiungerne!!

MARC

LEADER 00000naa$a2200000$$$4500
001 0014310
005 20220622065248.0
041 0 |a slo 
044 |a SK 
245 1 0 |a Vybrané aspekty zdanenia zahraničných osôb v daňovom práve SR  |c Vladimír Podolinský, Juraj Vališ 
520 |a Formy podnikania zahraničných osôb v SR. Zdanenie zahraničných osôb. Zdroje príjmov zahraničných osôb. Zdroje príjmov zahraničných osôb podľa zákona o dani z príjmov. Daň vyberaná zrážkou a zabezpečenie dane. 
610 2 0 |a osoby zahraničné 
610 2 0 |a nerezidenti 
610 2 0 |a zdaňovanie 
610 2 0 |a dane z príjmov 
610 2 0 |a Slovensko 
100 1 |a Podolinský, Vladimír 
700 1 |a Vališ, Juraj